Processo a Gesù /

Guardat en:
Dades bibliogràfiques
Autor principal: Fabbri, Diego (Autor)
Altres autors: Antonucci, Giovanni, (1941- )
Format: Llibre
Idioma:italià
Publicat: Roma : TEN, 1994
Edició:Ed. integrale
Col·lecció:Centopaginemillelire ; 144
Etiquetes: Afegir etiqueta
Sense etiquetes, Sigues el primer a etiquetar aquest registre!

MARC

LEADER 00000nam a2200000 i 4500
001 IT\ICCU\RAV\0234584
003 ItRI
005 20260115231935.0
008 940405s1994 it |||||| ||||| |||||c
020 |a 8879834231 
040 |b ita  |c importazione bologna sebina 
041 7 |a ita  |2 ISO-639-2 
082 |a 852.914  |9 LETTERATURA DRAMMATICA ITALIANA. 1945-  |2 19 
100 1 |a Fabbri, Diego  |0 IT\ICCU\CFIV\011285  |4 aut 
245 1 0 |a Processo a Gesù /  |c Diego Fabbri ; a cura di Giovanni Antonucci. 
250 |a Ed. integrale 
260 |a Roma :  |b TEN,  |c 1994 
300 |a 92 p. ;  |c 20 cm. 
700 1 |a Antonucci, Giovanni,  |d  (1941- )  |0 IT\ICCU\CFIV\048982 
790 1 |a Antonucci, Giovanni Antonio  |3 IT\ICCU\AUFV\000484  |z Antonucci, Giovanni (1941- ) 
830 0 |a Centopaginemillelire ;  |v 144  |0 IT\ICCU\RAV\0196182 
942 |2 ddc  |c BK  |n 0 
952 |0 0  |1 0  |4 0  |6 DOC_852_914000000000000_FAB  |7 0  |9 17287  |a BO  |b BO  |d 2026-01-15  |i 10147  |l 0  |o DOC 852.914 FAB  |p BO10147  |r 2026-01-15 23:19:35  |w 2026-01-15  |x [Sebina 5] [1 v.]  |y BK  |z 1 v. 
999 |c 14762  |d 14762